| 000 | 01035nac a22002771u 4500 | ||
|---|---|---|---|
| 003 | EG-ScBUE | ||
| 005 | 20221016102902.0 | ||
| 008 | 221016s2005 vraa f b 001 0 eng d | ||
| 020 | _a1920744002 (hbk.) : | ||
| 020 | _a9781920744007 | ||
| 040 |
_aEG-ScBUE _beng _erda _cEG-ScBUE _dEG-ScBUE |
||
| 082 | 0 | 4 |
_a720.922 _bGOU _222 |
| 100 | 1 |
_aGould, Kira L., _eauthor. |
|
| 245 | 1 | 0 |
_aFox & fowle architects : _bdesigning for the built realm / _cKira L. Gould ; preface by Thomas Fisher. |
| 246 | 3 |
_aFox and fowle architects : _bdesigning for the built realm |
|
| 264 | 1 |
_aMulgrave, Victoria : _bImages Publishing, _c2005. |
|
| 300 |
_a256 pages : _billustrations ; _c31 cm. |
||
| 490 | 0 |
_aThe master architect series ; _vVI |
|
| 504 | _aIncludes bibliographical references and index. | ||
| 650 | 7 |
_aArchitecture, Modern _y20th century. _2BUEsh |
|
| 650 | 7 |
_aArchitecture, Modern _y21st century. _2BUEsh |
|
| 653 | _bENGARC | ||
| 655 | _vReading book | ||
| 700 | 1 |
_aFisher, Thomas, _ewriter of preface. |
|
| 942 |
_cBB _2ddc |
||
| 999 |
_c5187 _d5187 |
||